000 00994nam a22002297a 4500
999 _c19601
_d19601
003 AR-CdUCM
008 190518b ||||| |||| 00| 0 spa d
040 _aMUNICIPALIDAD PROVINCIAL DEL CUSCO
_cBIBLIOTECA MUNICIPAL DEL CUSCO
082 _a658.3 /
_bY78
100 _aYoung, Stanley
_941035
245 _aLa administración como un proceso de toma de decisiones /
260 _aMéxico :
_bLontables y administrativas,
_c1973.
300 _a174 paginas ;
_bIlustraciones,
_c23 cm.
500 _aTitulo original :Management a decision - making approach
505 _aContenido : Estudios y teorías sobre la toma de decisiones -- Deliberación y presencia -- El cerebro esa maquina maravillosa -- La organización creativa -- La búsqueda de certidumbre subjetiva...
650 _aLa administracion
_920424
650 _aPlanes aplicados
_941036
650 _aLa organización
_941037
700 _aHass, Ricardo (Traducción)
_941038
942 _2ddc
_cLIBROS
945 _awnts
_d2019-05-18